000 01090nam0a22002531 4500
001 rc\449852
005 20030616171517.3
035 _a(NLR Aleph) 005694979
090 _a7216335
_c7216335
100 _a20030616d1987 u |0rusy50 ca
101 0 _arus
102 _aRU
105 _ay |||||||||
200 1 _aСоциальная политика буржуазного государства
_f[С.Н. Надель, Ф.Э. Бурджалов, М.Б. Кольчугина и др.]
_gОтв. ред. С.Н. Надель
_gАН СССР, Ин-т мировой экономики и междунар. отношений
210 _aМ.
_cНаука
_d1987
215 _a207, [1] с.
_d22
300 _aАвт. указаны на обороте тит. л.
701 1 _aНадель
_bС. Н.
_gСемен Наумович
712 0 2 _aИнститут мировой экономики и международных отношений
_cМосква
_3RU\NLR\AUTH\883073
801 0 _aRU
_bNLR
_gpsbo
801 1 _aRU
_bELAR
_2rusmarc
852 _aNLR
_j87-5/3991
942 _cBOOK
980 _aNB